Economics of strategy /
Guardado en:
| Autor Principal: | |
|---|---|
| Otros Autores: | , |
| Formato: | Libro |
| Idioma: | English |
| Publicado: |
New York :
John Wiley & Sons,
c2000.
|
| Edición: | 2nd ed. |
| Materias: | |
| Etiquetas: |
Agregar Etiqueta
Sin Etiquetas, Sea el primero en etiquetar este registro!
|
| LEADER | 00828nam a22002415 4500 | ||
|---|---|---|---|
| 001 | EAD.ead003308 | ||
| 008 | 080718s2000####xxud#####b####001#0#eng#d | ||
| 005 | 20121023124844.0 | ||
| 245 | 1 | 0 | |a Economics of strategy / |c David Besanko, David Dranove, Mark Shanley. |
| 250 | |a 2nd ed. | ||
| 260 | |a New York : |b John Wiley & Sons, |c c2000. | ||
| 300 | |a xii, 644 p. ; |c 26 cm. | ||
| 504 | |a Incluye referencias bibliográficas, glosario e índices. | ||
| 020 | |a 0471254541 | ||
| 100 | 1 | |a Besanko, David, |d 1955- | |
| 700 | 1 | |a Dranove, David. | |
| 700 | 1 | |a Shanley, Mark |q (Mark T.) | |
| 082 | 0 | 4 | |a 658.4012 |2 21 |
| 650 | 7 | |a Estrategia empresarial. |2 unbist | |
| 650 | 7 | |a Economía de la empresa. |2 unbist | |
| 650 | 7 | |a Cultura empresarial. |2 isoc | |
| 650 | 7 | |a Poder. |2 isoc | |
| 859 | |a AR-BaBDC |b BIB. ADMINISTRACION - Libros |h 658.4012 |i B463a2 |p b04197 | ||
